Handbook of teacher evaluation
Tallennettuna:
| Päätekijä: | |
|---|---|
| Aineistotyyppi: | Kirja |
| Kieli: | englanti |
| Julkaistu: |
Beverly Hills
Sage
1981
|
| Aiheet: | |
| Tagit: |
Lisää tagi
Ei tageja, Lisää ensimmäinen tagi!
|
MARC
| LEADER | 00000nam a2200000 a 4500 | ||
|---|---|---|---|
| 001 | UCK9336 | ||
| 003 | CL-VaPUC | ||
| 008 | 060428e19810000US |||||||||||||||||eng|d | ||
| 020 | |a 0803915977 | ||
| 082 | 0 | 4 | |a 371.11 |b MIL |2 21 |
| 100 | |a Millman, Jason |e autor |9 499072 | ||
| 245 | 1 | 0 | |a Handbook of teacher evaluation |
| 300 | |a 356 p | ||
| 942 | |c BK | ||
| 945 | |d 20060428 00:00:00 |a cmena | ||
| 260 | |a Beverly Hills |b Sage |c 1981 | ||
| 650 | 0 | |a Evaluación docente |9 382859 | |
| 650 | 0 | |a Rol del docente |9 329733 | |
| 650 | 0 | |a Métodos de enseñanza |9 270413 | |
| 650 | 0 | |a Investigación educacional |9 261192 | |
| 583 | |a last modification |c 20060428 00:00:00 |k Rodrigo Vera | ||
| 999 | |c 316552 |d 316550 | ||
| 952 | |0 0 |1 0 |4 0 |6 371_110000000000000_MIL_1981 |7 0 |8 P |9 391009 |a BIBEDU |b BIBEDU |c BIBEDU_PB |d 2019-11-22 |i 4225422 |o 371.11 MIL 1981 |p 4225422 |r 2019-11-22 |w 2019-11-22 |y BK |k EDU | ||